A propósito de la crisis. Parte 1 /

Saved in:
Bibliographic Details
Main Author: Reuben Soto, Sergio
Format: Text
Subjects:
Tags: Add Tag
No Tags, Be the first to tag this record!

MARC

LEADER 00000 a a2200000 04500
001 18679
003
040
100 |a Reuben Soto, Sergio  
245 |a A propósito de la crisis. Parte 1 /  |c Sergio Reuben Soto 
650 |a RECESION ECONOMICA  
773 |g número 13; páginas 22-26  
999 |c 24570  |d 24570